東京都の難読地名 30コ - Statistics

General Stats
  • This quiz has been taken 128 times
  • The average score is 12 of 30
Answer Stats
漢字 回答 % Correct
日暮里 にっぽり
98%
東雲 しののめ
97%
狛江 こまえ
95%
福生 ふっさ
91%
御徒町 おかちまち
91%
等々力 とどろき
89%
亀戸 かめいど
88%
登戸 のぼりと
87%
馬喰町 ばくろちょう
84%
舎人 とねり
84%
石神井 しゃくじい
84%
糀谷 こうじや
73%
粕谷 かすや
68%
厩橋 うまやばし
37%
不入斗 いりやまず
13%
聟島 むこじま
11%
改代町 かいたいちょう
9%
回田町 めぐりたちょう
9%
人里 へんぼり
7%
指谷 さしがや
4%
休戸郷 やすんどごう
3%
留浦 とずら
2%
恋久保 おんがくぼ
1%
稲荷島 とおがっちま
1%
負夏地 おいなっち
1%
留原 ととはら
0%
浄海 じょうけい
0%
打越 おっこし
0%
九日田 くちんでん
0%
砂場 すなっぱ
0%
No matching quizzes found
Score Distribution
Percent of People with Each Score
Percentile by Number Answered
Your Score History
You have not taken this quiz